000 00619cab a2200205 4500
001 X2888
008 090401t1995 xxu||||| |||| 00| 0 eng d
035 _a(Sirsi) u27074
041 _aeng
245 _aSubscriptions postal ballot
260 _c1995
350 _a0
490 _aCSM (Chartered Surveyor Monthly)
_v4(9) July/August 1995, 7(1)
520 _aAnnounces postal ballot for RICS members to approve new subscription levels for 1996-1999.
650 _aPOSTAL BALLOT
650 _aSUBSCRIPTIONS
690 _aMANAGEMENT-BUSINESS MANAGEMENT-PROFESSIONAL PRACTICE
942 _n0
948 _c04/03/1997
999 _c18236
_d18236